Top 30 : Vald - Statistiques

Statistiques générales
  • Ce quiz a été pris 194 fois
  • Le résultat moyen est 13 sur 30
Statistiques - réponses
Top Titres Featuring % Correct
1 Désaccordé
94%
3 Vitrine Damso
90%
2 Bitch Lefa
76%
6 Bizarre Lorenzo
75%
9 Peon Orelsan
75%
8 Dragon Sofiane
72%
4 Journal perso II
59%
5 Ma meilleure amie
56%
12 Pas de reine Koba LaD
56%
22 Dernier retrait SCH
55%
11 Elévation Vladimir Cauchemar
54%
13 Gris
46%
10 Selfie
45%
17 Ce monde est cruel
43%
15 Rappel
40%
24 Offshore Suikon Blaz AD
37%
7 Anunnaki
33%
19 Réflexions basses
33%
28 Canada Heuss L'enfoiré
31%
23 Eurotrap
31%
21 Deviens génial
30%
14 Rechute
30%
30 Delorean Rim'K
24%
26 Matrixé Heuss L'enfoiré
23%
25 Megadose
23%
18 Trophée
23%
20 L'addition Heuss L'enfoiré
20%
16 Gotaga
17%
29 Primitif
17%
27 Ignorant
14%
Aucun quiz correspondant
Distribution des résultats
% des personnes avec chaque résultat
Percentile par nombre de réponses
Votre historique - résultats
Vous n’avez pas pris ce quiz